000 00478nam a22001691a 4500
999 _c38242
_d38242
020 _a9780195635638
082 _a824
_bSWA/R
245 _aRethinking English:
_bessays in literature,language,history/
_cby Svati Joshi (ed.)
260 _aNew Delhi:
_bOxford University Press,
_c1994.
300 _a348p.
490 _aOxford India Paperbacks
650 _aEssays English
650 _aLiterature English
650 _aLiterature
700 _aSvati Joshi (ed.)
942 _cBK